LEADER 00928nam0-2200313li-450 001 990000138950203316 005 20180312154626.0 035 $a0013895 035 $aUSA010013895 035 $a(ALEPH)000013895USA01 035 $a0013895 100 $a20001109d1970----km-y0itay0103----ba 101 0 $aeng 102 $aSZ 200 1 $aApplicable analysis;$ean international journal 210 $d1970- 300 $amensile issn 0003-6811 consistenza: 14(1982/83)- ;mancano 1991-1992;lacunosi 1983-1984 676 $a510.$9. 801 $aSistema bibliotecario di Ateneo dell' Università di Salerno$gRICA 912 $a990000138950203316 951 $aPER XII APPLICABLE ANAL.$b0020273 959 $aBK 969 $aTEC 979 $c19960308 979 $c20001110$lUSA01$h1711 979 $c20020403$lUSA01$h1621 979 $aPATRY$b90$c20040406$lUSA01$h1610 996 $aApplicable analysis$9800456 997 $aUNISA LEADER 01079nam--2200337---450- 001 990003458210203316 005 20101021150334.0 010 $a978-3-16-149651-6 035 $a000345821 035 $aUSA01000345821 035 $a(ALEPH)000345821USA01 035 $a000345821 100 $a20101021d2008----km-y0itay50------ba 101 0 $ager 102 $aDE 105 $a||||||||001yy 200 1 $aAllgemeines Verwaltungsrecht - zur Tragfähigkeit eines Konzepts$fherausgegeben von Hans-Heinrich Trute ...[et al] 210 $aTübingen$cMohr Siebeck$d2008 215 $aX, 945 p.$d25 cm 606 0 $aDiritto costituzionale comparato$2BNCF 676 $a342.4 801 0$aIT$bsalbc$gISBD 912 $a990003458210203316 951 $aXXIX.2.C. 181$b68834 G.$cXXIX.2.C.$d00283396 959 $aBK 969 $aGIU 979 $aCHIARA$b90$c20101021$lUSA01$h1422 979 $aCHIARA$b90$c20101021$lUSA01$h1455 979 $aCHIARA$b90$c20101021$lUSA01$h1503 996 $aAllgemeines Verwaltungsrecht - zur Tragfähigkeit eines Konzepts$91109289 997 $aUNISA